000 01303nam a2200265 4500
003 OSt
005 20211025122046.0
008 s1999 le fre u
040 _aLB-BrCRDP
082 1 _aEdu.Ci
_bEB7.
100 1 _aMAKKI, Mohammad Kazem
245 1 0 _aالتربية الوطنية والتنشئة المدنية السنة السابعة التعليم الاساسي
_cMohammad Kazem MAKKI , Ahmad SAMAD, Issam SLEIMAN
250 _a1re éd.2000. 2e éd.2001.
260 _aBeyrouth
_bCentre de Recherche et de Développement Pédagogiques
_c1999
300 _a141 p.
_bcouv. coul. Photos.
_c27*19cm
490 0 _aLe Livre Scolaire National
650 _aالتربية والتعليم -- التربية الوطنية -- التعليم الاساسي -- السنة السابعة
650 _aالتربية الوطنية -- التعليم الاساسي -- السنة السابعة
650 _aالتربية والتعليم -- التنشئة المدنية -- التعليم الاساسي -- السنة السابعة
650 _aالتنشئة المدنية -- التعليم الاساسي -- السنة السابعة
700 1 _aSAMAD, Ahmad
700 1 _aSLEIMAN, Issam
942 _cBK
_2ddc
999 _c5845
_d5845